000 00371nam a2200145Ia 4500
008 100122s9999 xx 000 0 und d
082 _b7951
_a500
100 _aWHITEHEAD ALFRED NORTH
245 _aSCIENCE AND THE MODERN WORLD
260 _c1950
300 _a50
630 _aSCIENCE AND THE MODERN WORLD
730 _aSCIENCE AND THE MODERN WORLD
942 _cBOOK
999 _c443731
_d443728